000 01921nmm a2200493 a 4500
003 CHAP
005 20240607114747.0
007 co cg |||aaaaa
008 000424s1997 it 10 mul d
010 _a80911
011 _a81883
035 _a92365
040 _cCHAP
041 _aspa
_aeng
_afr
090 _aCD-22
110 _aFAO
245 1 0 _aFAOSTAT statistical database 1997 (disco compacto)
_h[disco compacto]
_c/por FAO
264 1 _aRoma :
_bFAO,
_c1997.
300 _a1 disco compacto (CD) ;
_c4 3/4 pulgadas (12cm) ;
_bdigital, color.
336 _2rdacontent
_atexto
_btxt
337 _2ramedia
_aordenador
_bc
338 _2rdacarrier
_adisco de computadora
_bcd
516 _aDatos numéricos.
538 _aEs necesario instalar el programa Netscape 4 en su computadora para visualizar este CD-ROM. El directorio Nestscape contiene el programa Netscape Navigator 4 especifico para su computadora. Si Usted ya tiene instalada esta versión de Nestscape vaya al siguiente sección de esta página: Acceso a los Datos del CD-ROM Nestscape.
546 _aTexto en español, francés e inglés.
590 _aBATCH-UPD
_b10
_c20130110
590 _aBATCH-UPD
_b10
_c20130110
590 _aBATCH-UPD
_b10
_c20130409
590 _aBATCH-UPD
_b10
_c20130410
590 _aBATCH-UPD
_b10
_c20130914
590 _aCONVERSION
_b10
_c20130109
650 1 4 _aAgricultura
_xEstadisticas.
_91417
650 1 4 _aAlimentos
_xEstadísticas.
_94219
650 1 4 _aBases de datos.
_910684
650 1 4 _aComercio
_xEstadísticas.
_925571
650 1 4 _aPoblación
_xEstadísticas.
_989369
650 1 4 _aProductividad.
_991868
650 1 4 _aProductos forestales
_xEstadísticas.
_992079
650 1 4 _aProductos pesqueros
_xEstadísticas.
_992204
650 1 4 _aTierras
_xAprovechamiento.
_9113069
905 _aGuadalupe Pinto C.
942 _cCD
_2local
949 _aCD-22
_bBC
_cCD
_d33724000757746
_eCD
_i92365
_sb
999 _c80911
_d80911